Language Quiz

Random Language or World Quiz

World Languages by Any 3 Letters Quiz Stats

Quiz Updated Nov 17, 2016

Challenge
Share
Tweet
Embed
Score 0/100 Timer 07:00
0 Plays Today
Rk. Language % Correct
13Wu
100%
3English
96.8%
2Spanish
96.1%
46Romanian
93.7%
12German
92.6%
1Mandarin
92.1%
6Portuguese
92%
8Russian
92%
66Chittagonian
91.5%
22Italian
90.8%
9Japanese
90.3%
15French
89.1%
79Swedish
88.1%
31Polish
86.9%
23Cantonese
85.3%
54Serbo-Croatian
84.6%
18Turkish
84.3%
7Bengali
83.4%
20Vietnamese
82.9%
71Hungarian
82.8%
37Sundanese
82.5%
26Persian
82.4%
42Kurdish
81.6%
35Ukrainian
81.2%
4Hindi
81%
5Arabic
78.5%
87Haitian Creole
77%
58Zhuang
74.9%
56Sinhalese
74.3%
40Burmese
74.2%
65Assamese
74%
10Javanese
73.7%
34Xiang
73.6%
93Madurese
72.7%
Rk. Language % Correct
47Dutch
72.6%
17Marathi
69.4%
45Azerbaijani
69.3%
97Belarusan
68.9%
27Gujarati
68.3%
64Saraiki
64.5%
61Swahili
62%
77Chichewa
61.2%
60Somali
60.2%
92Ilocano
59.6%
44Tagalog
59.4%
68Deccan
58.3%
80Min Dong
57.9%
91Baluchi
57.7%
50Sindhi
56.7%
70Greek
56.3%
14Korean
56.2%
24Malay
55.1%
25Thai
50.1%
36Malayalam
49.7%
89Malagasy
47.5%
59Nepali
47.1%
100Dhundhari
43.5%
21Urdu
42.8%
55Oromo
42.4%
88Hmong
41.6%
38Maithili
41.3%
99Konkani
40.2%
94Hiligaynon
35%
74Czech
33.1%
90Rwanda
32.4%
95Marwari
31.4%
57Cebuano
31.2%
48Amharic
30.1%
Rk. Language % Correct
19Tamil
29%
81Quechua
28.1%
11Lahnda (Punjabi)
27.9%
83Akan
26.1%
78Kirundi
24.5%
28Min Nan
23.9%
32Kannada
23.3%
43Hausa
23.1%
33Pashto
22.8%
85Kazakh
21.7%
72Zulu
21.6%
75Min Bei
18.7%
52Uzbek
17.9%
86Haryanvi
16.6%
73Shona
14.8%
67Chhattisgarhi
14.4%
62Khmer
14.1%
84Xhosa
13.2%
49Gan
12.4%
16Telugu
12.4%
98Awadhi
11.5%
63Magahi
11.4%
39Oriya
9.2%
51Yoruba
8.7%
53Igbo
7%
96Moore
6.9%
30Bhojpuri
6.3%
29Jinyu
5.8%
41Hakka
5.2%
82Uyghur
4.4%
76Sylheti
4%
69Fulfulde
3.5%

You're not logged in!

Compare scores with friends on all Sporcle quizzes.
Join for Free
OR
Log In

You Might Also Like...

Show Comments

Extras

Top Quizzes Today


Score Distribution

Your Account Isn't Verified!

In order to create a playlist on Sporcle, you need to verify the email address you used during registration. Go to your Sporcle Settings to finish the process.

Report this User

Report this user for behavior that violates our Community Guidelines.

Details: